000 01396nam2a22002531 4500
001 RU\NLR\INFOCOMM5\1000378706
005 20250617111937.0
035 _a(NLR Aleph) 002570230
090 _a3182793
_c3182793
100 _a20040601d1993 |||y0rusy50 ca
101 0 _arus
102 _aRU
105 _ay |||||||||
200 1 _aИспользование микрокремнезема в строительстве
_fД.М. Прудовский
210 _d1993
_aБ. м.
461 0 _1001RU\NLR\INFOCOMM5\1000378705
_12001#$aНовые строительные материалы и технологии$eПрил. к журн. "Подземное пространство мира"$fСекция информ. тоннел. ассоц. "Центр инжиниринга, маркетинга и рекламы "ТИМР"$v1993, Вып.4
_93182783
_cМ.
_d1993-
_fСекция информ. тоннел. ассоц. "Центр инжиниринга, маркетинга и рекламы "ТИМР"
_oПрил. к журн. "Подземное пространство мира"
_tНовые строительные материалы и технологии
_v1993, Вып.4
700 1 _aПрудовский
_bД.М.
_4070
801 1 _aRU
_bInfoComm
_c20040601
801 0 _aRU
_bNLR
_gPSBO
852 _aNLR
_jП10/7038
942 _cISSUE
980 _aNB
980 _aRUSPER